[Event "ODJM A 2024"]
[Site "Willingen GER"]
[Date "2024.05.20"]
[Round "3"]
[White "Wendt, Felix"]
[Black "Direk, Oguzhan"]
[Result "0-1"]
[Termination "normal"]
[Board "31"]
[WhiteElo "1766"]
[BlackElo "1767"]
[WhiteClock "00:08:34"]
[BlackClock "00:31:36"]
[PlyCount "132"]
[WhiteFideId "34663592"]
[BlackFideId "16294343"]
[EventCountry "GER"]
[EventRounds "9"]
[EventType "swiss"]
[EventDate "2024.05.18"]

1. e4 {[%clk 01:30:59]} c5 {[%clk 01:30:51]} {[%emt 00:00:10]} 2. Nf3 {[%clk
01:31:24]} {[%emt 00:00:04]} e6 {[%clk 01:31:17]} {[%emt 00:00:04]} 3. c3
{[%clk 01:31:50]} {[%emt 00:00:04]} d5 {[%clk 01:31:44]} {[%emt 00:00:03]} 4.
exd5 {[%clk 01:32:15]} {[%emt 00:00:05]} Qxd5 {[%clk 01:32:11]} {[%emt
00:00:02]} 5. d4 {[%clk 01:32:36]} {[%emt 00:00:09]} Nf6 {[%clk 01:32:37]}
{[%emt 00:00:05]} 6. Be2 {[%clk 01:31:45]} {[%emt 00:01:21]} Be7 {[%clk
01:29:40]} {[%emt 00:03:26]} 7. O-O {[%clk 01:30:47]} {[%emt 00:01:29]} O-O
{[%clk 01:22:43]} {[%emt 00:07:28]} 8. Na3 {[%clk 01:29:35]} {[%emt 00:01:42]}
a6 {[%clk 01:20:01]} {[%emt 00:03:11]} 9. Nc4 {[%clk 01:29:45]} {[%emt
00:00:19]} Nbd7 {[%clk 01:17:02]} {[%emt 00:03:29]} 10. Nfe5 {[%clk 01:18:31]}
{[%emt 00:11:44]} cxd4 {[%clk 01:11:29]} {[%emt 00:06:04]} 11. Bf3 {[%clk
01:14:51]} {[%emt 00:04:10]} Qc5 {[%clk 01:10:29]} {[%emt 00:01:30]} 12. cxd4
{[%clk 01:13:22]} {[%emt 00:01:59]} Qc7 {[%clk 01:10:48]} {[%emt 00:00:11]} 13.
Bf4 {[%clk 01:12:13]} {[%emt 00:01:39]} Nxe5 {[%clk 01:01:46]} {[%emt
00:09:31]} 14. Nxe5 {[%clk 01:10:50]} {[%emt 00:01:53]} Qd8 {[%clk 00:59:55]}
{[%emt 00:02:22]} 15. Qa4 {[%clk 00:58:17]} {[%emt 00:13:02]} Nd5 {[%clk
00:56:35]} {[%emt 00:03:50]} 16. Bg3 {[%clk 00:55:11]} {[%emt 00:03:37]} f6
{[%clk 00:54:11]} {[%emt 00:02:54]} 17. Nd3 {[%clk 00:51:58]} {[%emt 00:03:42]}
Nb6 {[%clk 00:51:38]} {[%emt 00:03:04]} 18. Qb3 {[%clk 00:51:21]} {[%emt
00:01:01]} Qxd4 {[%clk 00:47:10]} {[%emt 00:05:05]} 19. Rad1 {[%clk 00:50:57]}
{[%emt 00:00:54]} Bd8 {[%clk 00:45:14]} {[%emt 00:02:26]} 20. Rfe1 {[%clk
00:45:44]} {[%emt 00:05:42]} Qc4 {[%clk 00:35:03]} {[%emt 00:10:42]} 21. Qxc4
{[%clk 00:45:46]} {[%emt 00:00:28]} Nxc4 {[%clk 00:35:27]} {[%emt 00:00:06]}
22. b3 {[%clk 00:46:08]} {[%emt 00:00:07]} Na5 {[%clk 00:35:42]} {[%emt
00:00:15]} 23. Nc5 {[%clk 00:41:32]} {[%emt 00:05:06]} e5 {[%clk 00:35:52]}
{[%emt 00:00:20]} 24. Bd5+ {[%clk 00:40:49]} {[%emt 00:01:14]} Kh8 {[%clk
00:36:08]} {[%emt 00:00:14]} 25. f4 {[%clk 00:39:38]} {[%emt 00:01:41]} Bb6
{[%clk 00:33:34]} {[%emt 00:03:05]} 26. b4 {[%clk 00:39:16]} {[%emt 00:00:51]}
Bxc5+ {[%clk 00:30:10]} {[%emt 00:03:54]} 27. bxc5 {[%clk 00:39:13]} {[%emt
00:00:32]} Bg4 {[%clk 00:30:12]} {[%emt 00:00:28]} 28. Rb1 {[%clk 00:38:49]}
{[%emt 00:00:54]} Bf5 {[%clk 00:29:35]} {[%emt 00:01:07]} 29. Rb6 {[%clk
00:35:16]} {[%emt 00:04:03]} Rac8 {[%clk 00:24:57]} {[%emt 00:05:08]} 30. fxe5
{[%clk 00:26:35]} {[%emt 00:09:11]} Rxc5 {[%clk 00:17:55]} {[%emt 00:07:33]}
31. Bxb7 {[%clk 00:26:01]} {[%emt 00:01:03]} Nc4 {[%clk 00:16:34]} {[%emt
00:01:51]} 32. Rxa6 {[%clk 00:18:50]} {[%emt 00:07:42]} Nxe5 {[%clk 00:16:46]}
{[%emt 00:00:19]} 33. Bxe5 {[%clk 00:17:48]} {[%emt 00:01:29]} fxe5 {[%clk
00:17:10]} {[%emt 00:00:08]} 34. Rf1 {[%clk 00:17:50]} {[%emt 00:00:27]} Kg8
{[%clk 00:16:48]} {[%emt 00:00:53]} 35. Rc6 {[%clk 00:17:39]} {[%emt 00:00:40]}
Ra5 {[%clk 00:16:48]} {[%emt 00:00:31]} 36. Rd6 {[%clk 00:17:20]} {[%emt
00:00:45]} g6 {[%clk 00:15:53]} {[%emt 00:01:29]} 37. h3 {[%clk 00:14:26]}
{[%emt 00:03:23]} Rb8 {[%clk 00:15:05]} {[%emt 00:01:19]} 38. Bd5+ {[%clk
00:14:15]} {[%emt 00:00:40]} Kh8 {[%clk 00:14:31]} {[%emt 00:01:04]} 39. Bb3
{[%clk 00:12:42]} {[%emt 00:02:02]} Ra7 {[%clk 00:11:00]} {[%emt 00:04:02]} 40.
g4 {[%clk 00:11:34]} {[%emt 00:01:36]} Be4 {[%clk 00:10:14]} {[%emt 00:01:19]}
41. Re6 {[%clk 00:11:11]} {[%emt 00:00:52]} Bd3 {[%clk 00:10:14]} {[%emt
00:00:30]} 42. Rc1 {[%clk 00:09:29]} {[%emt 00:02:11]} e4 {[%clk 00:07:21]}
{[%emt 00:03:23]} 43. g5 {[%clk 00:09:05]} {[%emt 00:00:54]} Kg7 {[%clk
00:06:59]} {[%emt 00:00:52]} 44. Rec6 {[%clk 00:05:49]} {[%emt 00:03:46]} Rf8
{[%clk 00:06:20]} {[%emt 00:01:10]} 45. Rc7+ {[%clk 00:05:47]} {[%emt
00:00:32]} Rxc7 {[%clk 00:06:45]} {[%emt 00:00:06]} 46. Rxc7+ {[%clk 00:06:12]}
{[%emt 00:00:05]} Kh8 {[%clk 00:07:12]} {[%emt 00:00:02]} 47. Re7 {[%clk
00:05:57]} {[%emt 00:00:44]} h5 {[%clk 00:06:24]} {[%emt 00:01:19]} 48. Bf7
{[%clk 00:30:30]} {[%emt 00:05:57]} e3 {[%clk 00:33:12]} {[%emt 00:03:42]} 49.
Re8 {[%clk 00:30:30]} {[%emt 00:00:30]} Kg7 {[%clk 00:32:50]} {[%emt 00:00:53]}
50. Rxf8 {[%clk 00:30:53]} {[%emt 00:00:06]} Kxf8 {[%clk 00:33:18]} {[%emt
00:00:03]} 51. Bd5 {[%clk 00:30:55]} {[%emt 00:00:23]} Ke7 {[%clk 00:33:40]}
{[%emt 00:00:13]} 52. Kg2 {[%clk 00:29:57]} {[%emt 00:01:27]} Kd6 {[%clk
00:34:04]} {[%emt 00:00:06]} 53. Bf7 {[%clk 00:30:01]} {[%emt 00:00:25]} Be4+
{[%clk 00:33:59]} {[%emt 00:00:37]} 54. Kf1 {[%clk 00:29:59]} {[%emt 00:00:31]}
Ke5 {[%clk 00:33:50]} {[%emt 00:00:40]} 55. a4 {[%clk 00:25:48]} {[%emt
00:04:40]} Bd3+ {[%clk 00:33:24]} {[%emt 00:00:56]} 56. Ke1 {[%clk 00:20:43]}
{[%emt 00:05:36]} Kf4 {[%clk 00:33:44]} {[%emt 00:00:10]} 57. Be8 {[%clk
00:20:30]} {[%emt 00:00:43]} Kxg5 {[%clk 00:33:13]} {[%emt 00:01:01]} 58. Bb5
{[%clk 00:20:49]} {[%emt 00:00:11]} Be4 {[%clk 00:33:35]} {[%emt 00:00:08]} 59.
a5 {[%clk 00:21:04]} {[%emt 00:00:15]} Kh4 {[%clk 00:32:52]} {[%emt 00:01:13]}
60. a6 {[%clk 00:20:58]} {[%emt 00:00:36]} Kxh3 {[%clk 00:32:23]} {[%emt
00:00:59]} 61. Bd7+ {[%clk 00:21:22]} {[%emt 00:00:06]} Kg3 {[%clk 00:32:20]}
{[%emt 00:00:32]} 62. Bc8 {[%clk 00:21:46]} {[%emt 00:00:06]} Bd3 {[%clk
00:32:37]} {[%emt 00:00:13]} 63. a7 {[%clk 00:20:37]} {[%emt 00:01:39]} Be4
{[%clk 00:33:04]} {[%emt 00:00:04]} 64. Ke2 {[%clk 00:18:26]} {[%emt 00:02:41]}
Kf4 {[%clk 00:32:33]} {[%emt 00:01:02]} 65. Bh3 {[%clk 00:08:35]} {[%emt
00:10:20]} g5 {[%clk 00:31:36]} {[%emt 00:01:27]} 66. Kf1 {[%clk 00:08:34]}
{[%emt 00:00:31]} g4 {[%emt 00:01:09]} *

[Event "ODJM A 2024"]
[Site "Willingen GER"]
[Date "2024.05.20"]
[Round "3"]
[White "Longo, Massimo"]
[Black "Berelowitsch, Dana"]
[Result "1-0"]
[Termination "normal"]
[Board "32"]
[WhiteElo "1945"]
[BlackElo "1906"]
[WhiteClock "00:17:02"]
[BlackClock "00:05:51"]
[PlyCount "127"]
[WhiteFideId "16205227"]
[BlackFideId "12977144"]
[EventCountry "GER"]
[EventRounds "9"]
[EventType "swiss"]
[EventDate "2024.05.18"]

1. d4 {[%clk 01:30:57]} {[%emt 00:00:02]} d5 {[%clk 01:30:56]} {[%emt
00:00:04]} 2. c4 {[%clk 01:31:23]} {[%emt 00:00:05]} e6 {[%clk 01:31:18]}
{[%emt 00:00:08]} 3. Nc3 {[%clk 01:31:46]} {[%emt 00:00:06]} c5 {[%clk
01:31:26]} {[%emt 00:00:22]} 4. cxd5 {[%clk 01:32:09]} {[%emt 00:00:07]} exd5
{[%clk 01:31:48]} {[%emt 00:00:08]} 5. Nf3 {[%clk 01:32:34]} {[%emt 00:00:05]}
Nc6 {[%clk 01:31:38]} {[%emt 00:00:40]} 6. dxc5 {[%clk 01:32:48]} {[%emt
00:00:16]} d4 {[%clk 01:31:50]} {[%emt 00:00:18]} 7. Na4 {[%clk 01:32:56]}
{[%emt 00:00:22]} Bxc5 {[%clk 01:31:52]} {[%emt 00:00:28]} 8. Nxc5 {[%clk
01:33:13]} {[%emt 00:00:12]} Qa5+ {[%clk 01:32:15]} {[%emt 00:00:08]} 9. Bd2
{[%clk 01:33:37]} {[%emt 00:00:06]} Qxc5 {[%clk 01:32:40]} {[%emt 00:00:05]}
10. Rc1 {[%clk 01:34:01]} {[%emt 00:00:05]} Qb6 {[%clk 01:33:05]} {[%emt
00:00:05]} 11. e3 {[%clk 01:33:47]} {[%emt 00:00:43]} Nge7 {[%clk 01:29:01]}
{[%emt 00:04:34]} 12. Nxd4 {[%clk 01:28:16]} {[%emt 00:06:01]} Nxd4 {[%clk
01:27:17]} {[%emt 00:02:14]} 13. exd4 {[%clk 01:28:01]} {[%emt 00:00:45]} O-O
{[%clk 01:22:34]} {[%emt 00:05:13]} 14. Bc4 {[%clk 01:11:40]} {[%emt 00:16:51]}
Qxd4 {[%clk 01:10:11]} {[%emt 00:12:54]} 15. O-O {[%clk 01:08:04]} {[%emt
00:04:05]} Bg4 {[%clk 01:06:34]} {[%emt 00:04:07]} 16. Qc2 {[%clk 00:57:51]}
{[%emt 00:10:43]} Rac8 {[%clk 00:59:28]} {[%emt 00:07:36]} 17. Be3 {[%clk
00:55:38]} {[%emt 00:02:43]} Qe5 {[%clk 00:57:34]} {[%emt 00:02:24]} 18. Qb3
{[%clk 00:53:31]} {[%emt 00:02:36]} Nc6 {[%clk 00:43:13]} {[%emt 00:14:51]} 19.
Qb5 {[%clk 00:43:10]} {[%emt 00:10:51]} a6 {[%clk 00:35:32]} {[%emt 00:08:11]}
20. Qxb7 {[%clk 00:27:41]} {[%emt 00:15:59]} Qf6 {[%clk 00:16:39]} {[%emt
00:19:23]} 21. Bxa6 {[%clk 00:22:34]} {[%emt 00:05:36]} Nd4 {[%clk 00:13:16]}
{[%emt 00:03:53]} 22. Bxd4 {[%clk 00:14:52]} {[%emt 00:08:12]} Qxd4 {[%clk
00:13:31]} {[%emt 00:00:16]} 23. b3 {[%clk 00:12:42]} {[%emt 00:02:40]} Rxc1
{[%clk 00:12:24]} {[%emt 00:01:36]} 24. Rxc1 {[%clk 00:13:03]} {[%emt
00:00:10]} Qd2 {[%clk 00:12:09]} {[%emt 00:00:45]} 25. Qc7 {[%clk 00:12:32]}
{[%emt 00:00:59]} Qxa2 {[%clk 00:11:23]} {[%emt 00:01:18]} 26. Bc4 {[%clk
00:12:55]} {[%emt 00:00:06]} Qd2 {[%clk 00:10:39]} {[%emt 00:01:14]} 27. Ra1
{[%clk 00:12:24]} {[%emt 00:01:00]} Be6 {[%clk 00:10:16]} {[%emt 00:00:54]} 28.
Bxe6 {[%clk 00:09:59]} {[%emt 00:02:55]} fxe6 {[%clk 00:10:44]} {[%emt
00:00:03]} 29. Qg3 {[%clk 00:10:07]} {[%emt 00:00:21]} Qb2 {[%clk 00:10:21]}
{[%emt 00:00:53]} 30. Re1 {[%clk 00:09:49]} {[%emt 00:00:45]} e5 {[%clk
00:08:59]} {[%emt 00:01:55]} 31. h3 {[%clk 00:08:59]} {[%emt 00:01:19]} Rb8
{[%clk 00:07:56]} {[%emt 00:01:33]} 32. Re3 {[%clk 00:08:15]} {[%emt 00:01:14]}
Qa1+ {[%clk 00:07:18]} {[%emt 00:01:09]} 33. Kh2 {[%clk 00:08:39]} {[%emt
00:00:07]} Qb2 {[%clk 00:07:47]} {[%emt 00:00:01]} 34. Rc3 {[%clk 00:07:34]}
{[%emt 00:01:35]} Rf8 {[%clk 00:07:09]} {[%emt 00:01:07]} 35. Qxe5 {[%clk
00:04:44]} {[%emt 00:03:20]} Qxf2 {[%clk 00:06:32]} {[%emt 00:01:07]} 36. Rc7
{[%clk 00:04:35]} {[%emt 00:00:40]} Qf4+ {[%clk 00:05:36]} {[%emt 00:01:25]}
37. Qxf4 {[%clk 00:05:00]} {[%emt 00:00:05]} Rxf4 {[%clk 00:06:05]} {[%emt
00:00:01]} 38. Rb7 {[%clk 00:04:58]} {[%emt 00:00:33]} h6 {[%clk 00:05:32]}
{[%emt 00:01:03]} 39. Kg3 {[%clk 00:04:50]} {[%emt 00:00:37]} Rf1 {[%clk
00:04:47]} {[%emt 00:01:15]} 40. h4 {[%clk 00:05:09]} {[%emt 00:00:12]} h5
{[%clk 00:03:57]} {[%emt 00:01:20]} 41. Rb5 {[%clk 00:05:08]} {[%emt 00:00:30]}
Rb1 {[%clk 00:01:31]} {[%emt 00:02:57]} 42. Rb7 {[%clk 00:28:05]} {[%emt
00:07:32]} Kh7 {[%clk 00:25:47]} {[%emt 00:06:14]} 43. Kf3 {[%clk 00:21:29]}
{[%emt 00:07:06]} Kg6 {[%clk 00:24:09]} {[%emt 00:02:08]} 44. Rb6+ {[%clk
00:19:51]} {[%emt 00:02:09]} Kf5 {[%clk 00:24:07]} {[%emt 00:00:31]} 45. Rb5+
{[%clk 00:20:14]} {[%emt 00:00:07]} Ke6 {[%clk 00:22:15]} {[%emt 00:02:22]} 46.
Kf4 {[%clk 00:17:16]} {[%emt 00:03:28]} Rf1+ {[%clk 00:21:31]} {[%emt
00:01:14]} 47. Ke4 {[%clk 00:14:53]} {[%emt 00:02:53]} Re1+ {[%clk 00:20:51]}
{[%emt 00:01:11]} 48. Kd4 {[%clk 00:14:45]} {[%emt 00:00:37]} Rd1+ {[%clk
00:20:17]} {[%emt 00:01:04]} 49. Kc4 {[%clk 00:14:57]} {[%emt 00:00:17]} Rc1+
{[%clk 00:19:55]} {[%emt 00:00:54]} 50. Kb4 {[%clk 00:15:19]} {[%emt 00:00:07]}
g6 {[%clk 00:18:21]} {[%emt 00:02:05]} 51. Rg5 {[%clk 00:14:19]} {[%emt
00:01:29]} Kf6 {[%clk 00:18:13]} {[%emt 00:00:38]} 52. Kb5 {[%clk 00:14:14]}
{[%emt 00:00:35]} Rb1 {[%clk 00:15:18]} {[%emt 00:03:25]} 53. b4 {[%clk
00:14:31]} {[%emt 00:00:13]} Rc1 {[%clk 00:14:45]} {[%emt 00:01:04]} 54. g3
{[%clk 00:14:22]} {[%emt 00:00:39]} Rb1 {[%clk 00:14:59]} {[%emt 00:00:16]} 55.
Ka5 {[%clk 00:14:43]} {[%emt 00:00:08]} Ra1+ {[%clk 00:15:03]} {[%emt
00:00:27]} 56. Kb6 {[%clk 00:15:00]} {[%emt 00:00:12]} Rb1 {[%clk 00:15:07]}
{[%emt 00:00:27]} 57. b5 {[%clk 00:15:23]} {[%emt 00:00:06]} Rc1 {[%clk
00:14:29]} {[%emt 00:01:08]} 58. Kb7 {[%clk 00:15:21]} {[%emt 00:00:31]} Rb1
{[%clk 00:14:17]} {[%emt 00:00:42]} 59. b6 {[%clk 00:15:47]} {[%emt 00:00:05]}
Rb3 {[%clk 00:12:40]} {[%emt 00:02:08]} 60. Ka7 {[%clk 00:15:56]} {[%emt
00:00:18]} Ra3+ {[%clk 00:12:57]} {[%emt 00:00:16]} 61. Kb8 {[%clk 00:16:04]}
{[%emt 00:00:21]} Rb3 {[%clk 00:13:05]} {[%emt 00:00:22]} 62. b7 {[%clk
00:16:26]} {[%emt 00:00:08]} Re3 {[%clk 00:07:01]} {[%emt 00:06:33]} 63. Ka7
{[%clk 00:16:39]} {[%emt 00:00:18]} Ra3+ {[%clk 00:05:51]} {[%emt 00:01:40]}
64. Kb6 {[%clk 00:17:02]} {[%emt 00:00:07]} 1-0

[Event "ODJM A 2024"]
[Site "Willingen GER"]
[Date "2024.05.20"]
[Round "3"]
[White "Hofmann, Benjamin"]
[Black "Heimann, Alexander"]
[Result "1/2-1/2"]
[Termination "normal"]
[Board "33"]
[WhiteElo "1890"]
[BlackElo "1927"]
[WhiteClock "00:19:27"]
[BlackClock "00:39:33"]
[PlyCount "58"]
[WhiteFideId "16270266"]
[BlackFideId "16215346"]
[EventCountry "GER"]
[EventRounds "9"]
[EventType "swiss"]
[EventDate "2024.05.18"]

1. d4 {[%clk 01:30:58]} Nf6 {[%clk 01:30:26]} {[%emt 00:00:35]} 2. Nf3 {[%clk
01:31:18]} {[%emt 00:00:10]} e6 {[%clk 01:30:35]} {[%emt 00:00:21]} 3. g3
{[%clk 01:31:40]} {[%emt 00:00:09]} d5 {[%clk 01:30:22]} {[%emt 00:00:42]} 4.
Bg2 {[%clk 01:31:37]} {[%emt 00:00:33]} Bd6 {[%clk 01:30:17]} {[%emt 00:00:35]}
5. c4 {[%clk 01:31:49]} {[%emt 00:00:19]} c6 {[%clk 01:30:02]} {[%emt
00:00:44]} 6. O-O {[%clk 01:30:57]} {[%emt 00:01:22]} O-O {[%clk 01:28:27]}
{[%emt 00:02:05]} 7. Nbd2 {[%clk 01:30:06]} {[%emt 00:01:21]} Nbd7 {[%clk
01:28:08]} {[%emt 00:00:49]} 8. Qc2 {[%clk 01:30:01]} {[%emt 00:00:34]} Re8
{[%clk 01:26:35]} {[%emt 00:02:04]} 9. e4 {[%clk 01:29:21]} {[%emt 00:01:10]}
Nxe4 {[%clk 01:23:24]} {[%emt 00:03:41]} 10. Nxe4 {[%clk 01:29:38]} {[%emt
00:00:14]} dxe4 {[%clk 01:23:42]} {[%emt 00:00:11]} 11. Qxe4 {[%clk 01:29:43]}
{[%emt 00:00:25]} e5 {[%clk 01:18:34]} {[%emt 00:05:37]} 12. dxe5 {[%clk
01:10:34]} {[%emt 00:19:39]} Nxe5 {[%clk 01:17:21]} {[%emt 00:01:43]} 13. Qc2
{[%clk 00:57:01]} {[%emt 00:14:04]} Nxf3+ {[%clk 01:15:28]} {[%emt 00:02:23]}
14. Bxf3 {[%clk 00:53:34]} {[%emt 00:03:56]} Qf6 {[%clk 01:12:26]} {[%emt
00:03:32]} 15. Be4 {[%clk 00:51:36]} {[%emt 00:02:27]} h6 {[%clk 01:12:02]}
{[%emt 00:00:55]} 16. Be3 {[%clk 00:50:09]} {[%emt 00:01:57]} Be5 {[%clk
01:05:39]} {[%emt 00:06:54]} 17. Rab1 {[%clk 00:49:01]} {[%emt 00:01:37]} Bd4
{[%clk 01:04:37]} {[%emt 00:01:33]} 18. Bxd4 {[%clk 00:48:42]} {[%emt
00:00:49]} Qxd4 {[%clk 01:04:52]} {[%emt 00:00:14]} 19. Rfe1 {[%clk 00:47:43]}
{[%emt 00:01:29]} Be6 {[%clk 01:04:39]} {[%emt 00:00:43]} 20. b3 {[%clk
00:47:36]} {[%emt 00:00:37]} Rad8 {[%clk 01:04:16]} {[%emt 00:00:52]} 21. Rbd1
{[%clk 00:47:27]} {[%emt 00:00:41]} Qf6 {[%clk 01:04:09]} {[%emt 00:00:37]} 22.
a3 {[%clk 00:35:41]} {[%emt 00:12:16]} Bg4 {[%clk 01:01:14]} {[%emt 00:03:25]}
23. Rxd8 {[%clk 00:30:21]} {[%emt 00:05:50]} Rxd8 {[%clk 01:01:11]} {[%emt
00:00:33]} 24. Kg2 {[%clk 00:26:25]} {[%emt 00:04:26]} Qd6 {[%clk 00:54:39]}
{[%emt 00:07:01]} 25. h3 {[%clk 00:25:23]} {[%emt 00:01:33]} Be6 {[%clk
00:53:32]} {[%emt 00:01:37]} 26. Qb2 {[%clk 00:20:30]} {[%emt 00:05:20]} b6
{[%clk 00:43:29]} {[%emt 00:10:36]} 27. Bf3 {[%clk 00:20:05]} {[%emt 00:00:54]}
Qc5 {[%clk 00:39:23]} {[%emt 00:04:37]} 28. Re5 {[%clk 00:19:10]} {[%emt
00:01:25]} Qd6 {[%clk 00:39:14]} {[%emt 00:00:39]} 29. Re1 {[%clk 00:19:27]}
{[%emt 00:00:14]} Qc5 {[%clk 00:39:33]} {[%emt 00:00:11]} 1/2-1/2

[Event "ODJM A 2024"]
[Site "Willingen GER"]
[Date "2024.05.20"]
[Round "3"]
[White "Andresen, Marc"]
[Black "Mörke, Niklas"]
[Result "0-1"]
[Termination "normal"]
[Board "35"]
[WhiteElo "1879"]
[BlackElo "1879"]
[WhiteClock "00:01:45"]
[BlackClock "00:05:22"]
[PlyCount "68"]
[WhiteFideId "16233719"]
[BlackFideId "12982350"]
[EventCountry "GER"]
[EventRounds "9"]
[EventType "swiss"]
[EventDate "2024.05.18"]

1. e4 {[%clk 01:30:54]} {[%emt 00:00:05]} e5 {[%clk 01:29:26]} {[%emt
00:01:35]} 2. Nf3 {[%clk 01:31:18]} {[%emt 00:00:05]} Nc6 {[%clk 01:29:52]}
{[%emt 00:00:05]} 3. Bb5 {[%clk 01:31:43]} {[%emt 00:00:04]} Nf6 {[%clk
01:29:53]} {[%emt 00:00:29]} 4. d3 {[%clk 01:32:08]} {[%emt 00:00:05]} d6
{[%clk 01:29:41]} {[%emt 00:00:42]} 5. c3 {[%clk 01:32:30]} {[%emt 00:00:08]}
Be7 {[%clk 01:27:58]} {[%emt 00:02:13]} 6. O-O {[%clk 01:32:53]} {[%emt
00:00:07]} O-O {[%clk 01:28:17]} {[%emt 00:00:12]} 7. Re1 {[%clk 01:33:19]}
{[%emt 00:00:05]} h6 {[%clk 01:26:04]} {[%emt 00:02:43]} 8. Nbd2 {[%clk
01:33:42]} {[%emt 00:00:06]} Nh7 {[%clk 01:22:22]} {[%emt 00:04:12]} 9. d4
{[%clk 01:25:13]} {[%emt 00:08:59]} exd4 {[%clk 01:18:38]} {[%emt 00:04:14]}
10. cxd4 {[%clk 01:25:04]} {[%emt 00:00:39]} Bg4 {[%clk 01:17:30]} {[%emt
00:01:38]} 11. h3 {[%clk 01:24:22]} {[%emt 00:01:12]} Bd7 {[%clk 01:15:57]}
{[%emt 00:02:04]} 12. Nf1 {[%clk 01:11:16]} {[%emt 00:13:35]} a6 {[%clk
01:14:43]} {[%emt 00:01:44]} 13. Bd3 {[%clk 01:08:36]} {[%emt 00:03:10]} Ng5
{[%clk 01:14:01]} {[%emt 00:01:13]} 14. N1h2 {[%clk 00:51:02]} {[%emt
00:18:04]} Kh8 {[%clk 01:06:21]} {[%emt 00:08:09]} 15. b3 {[%clk 00:46:52]}
{[%emt 00:04:40]} f5 {[%clk 01:01:11]} {[%emt 00:05:40]} 16. e5 {[%clk
00:35:31]} {[%emt 00:11:52]} dxe5 {[%clk 00:58:58]} {[%emt 00:02:43]} 17. dxe5
{[%clk 00:35:38]} {[%emt 00:00:23]} Be6 {[%clk 00:55:05]} {[%emt 00:04:23]} 18.
Bb2 {[%clk 00:29:12]} {[%emt 00:06:57]} Nb4 {[%clk 00:52:32]} {[%emt 00:03:02]}
19. Nxg5 {[%clk 00:23:57]} {[%emt 00:05:46]} Bxg5 {[%clk 00:51:32]} {[%emt
00:01:29]} 20. Bf1 {[%clk 00:17:41]} {[%emt 00:06:46]} Qxd1 {[%clk 00:39:38]}
{[%emt 00:12:24]} 21. Rexd1 {[%clk 00:18:01]} {[%emt 00:00:10]} Nxa2 {[%clk
00:32:48]} {[%emt 00:07:20]} 22. Bc4 {[%clk 00:10:11]} {[%emt 00:08:20]} Bxc4
{[%clk 00:30:36]} {[%emt 00:02:43]} 23. bxc4 {[%clk 00:10:39]} {[%emt
00:00:01]} Nb4 {[%clk 00:29:35]} {[%emt 00:01:31]} 24. Rd7 {[%clk 00:11:04]}
{[%emt 00:00:05]} Nc2 {[%clk 00:21:52]} {[%emt 00:08:13]} 25. Ra2 {[%clk
00:10:58]} {[%emt 00:00:37]} Rfd8 {[%clk 00:17:20]} {[%emt 00:05:01]} 26. Rxc7
{[%clk 00:07:21]} {[%emt 00:04:07]} Rd1+ {[%clk 00:13:40]} {[%emt 00:04:09]}
27. Nf1 {[%clk 00:07:48]} {[%emt 00:00:04]} Ne3 {[%clk 00:09:12]} {[%emt
00:04:58]} 28. fxe3 {[%clk 00:07:51]} {[%emt 00:00:26]} Bxe3+ {[%clk 00:09:21]}
{[%emt 00:00:22]} 29. Kh2 {[%clk 00:08:14]} {[%emt 00:00:07]} Rxf1 {[%clk
00:09:43]} {[%emt 00:00:09]} 30. Rxb7 {[%clk 00:02:05]} {[%emt 00:06:39]} f4
{[%clk 00:07:09]} {[%emt 00:03:03]} 31. g4 {[%clk 00:01:49]} {[%emt 00:00:45]}
Rf2+ {[%clk 00:06:22]} {[%emt 00:01:17]} 32. Kh1 {[%clk 00:02:01]} {[%emt
00:00:19]} Rd8 {[%clk 00:06:35]} {[%emt 00:00:16]} 33. Ra1 {[%clk 00:01:55]}
{[%emt 00:00:37]} Rdd2 {[%clk 00:06:09]} {[%emt 00:00:56]} 34. Kg1 {[%clk
00:01:45]} {[%emt 00:00:40]} Rf3+ {[%clk 00:05:22]} {[%emt 00:01:17]} 0-1